Statistiques concernant Stades de Ligue 1 2023/24

Cliquez ici pour prendre le quiz!

Statistiques générales

  • Ce quiz a été pris 224 fois
    (185 depuis la dernière actualisation)
  • Le résultat moyen est 12 sur 18

Statistiques - réponses

ClubStade% Correct
MarseilleOrange Vélodrome
95%
Paris-SGParc des Princes
93%
LyonGroupama Stadium
88%
MonacoStade Louis-II
86%
NantesStade de la Beaujoire
84%
NiceAllianz Riviera
77%
LilleStade Pierre-Mauroy
72%
MontpellierStade de la Mosson
69%
RennesRoazhon Park
67%
BrestStade Francis-Le Blé
61%
StrasbourgStade de la Meinau
59%
MetzStade St-Symphorien
54%
Le HavreStade Océane
52%
LensStade Bollaert-Delelis
50%
LorientStade du Moustoir
47%
ReimsStade Auguste-Delaune
40%
ToulouseStadium de Toulouse
40%
Clermont FootStade Gabriel-Montpied
36%

Distribution des résultats

Percentile par nombre de réponses

% des personnes avec chaque résultat

Votre développement - résultats

Vous n’avez pas pris ce quiz depuis la dernière actualisation